000
00283nam a2200097Ia 4500
001
640438
005
20250826153447.0
008
250824s9999 xx 000 0 und d
245
0
_a
ÇILGIN DEDEMİN ZAMAN MAKİNESİ TEKERLEĞİN İCADI
_c
SARA GÜRBÜZ ÖZEREN
260
_b
DAMLA YAYINLARI
999
_c
640438
_d
640438